Computational aids in control systems using Matlab /

Introduction to Matlab; Mathematical models of systems; State-space representation; System response; Control system characteristics; Root-locus analysis and design; Frequency response analysis and design; Modern control design.

Wedi'i Gadw mewn:
Manylion Llyfryddiaeth
Prif Awdur: Saadat, Hadi.
Fformat: Llyfr
Iaith:English
Cyhoeddwyd: New York : McGraw-Hill, 1993.
Pynciau:
Tagiau: Ychwanegu Tag
Dim Tagiau, Byddwch y cyntaf i dagio'r cofnod hwn!
Thư viện lưu trữ: Mạng thư viện Đại học Đà Nẵng
LEADER 01343cam a2200361 a 4500
001 000043722
003 1765
005 20060531100914.0
008 010217b1993 vm 000 eng
020 |a 0079113583 
040 |a LRC  |c LRC  |d LRC 
041 0 |a eng 
082 1 4 |a 629.895  |2 20  |b SA-H 
100 1 |a Saadat, Hadi. 
245 1 0 |a Computational aids in control systems using Matlab /  |c Hadi Saadat. 
260 |a New York :  |b McGraw-Hill,  |c 1993. 
300 |a xii, 141 p. :  |b ill. ;  |c 23,5 cm. 
520 3 |a Introduction to Matlab; Mathematical models of systems; State-space representation; System response; Control system characteristics; Root-locus analysis and design; Frequency response analysis and design; Modern control design. 
630 0 4 |a Computers. 
650 0 0 |a Automatic control  |x Data processing. 
650 0 0 |a MATLAB. 
OWN |a DUT 
AVA |a UDN50  |b DUT  |c Book  |d 629.895 SA-H  |e available  |t Error 5001 Not defined in file expand_doc_bib_avail.  |f 1  |g 0  |h N  |i 0  |j SH  |k 1 
999 |a From the UDN01 
AVA |a UDN50  |b DUT  |c Book  |d 629.895 SA-H  |e available  |t Error 5001 Not defined in file expand_doc_bib_avail.  |f 1  |g 0  |h N  |i 0  |j SH  |k 1 
TYP |a Monograph 
TYP |a Printed language 
980 |a Mạng thư viện Đại học Đà Nẵng